Mapa Europy bez 10 flag państw. - Statystyki

Ogólne statystyki
  • Ten quiz został rozwiązany 545 razy
  • Średni wynik to 9 z 10
Odpowiedzi na mapie
Odpowiedzi zakodowano w zielono-czerwonej skali na mapie do tego quizu, zgodnie z poniższymi procentami.
 
Statystyki odpowiedzi
Odpowiedź % Poprawnych
Hiszpania
99%
Niemcy
99%
Wielka Brytania
99%
Belgia
96%
Finlandia
96%
Węgry
95%
Mołdawia
92%
Serbia
90%
Słowenia
90%
Macedonia Północna
88%
Nie znaleziono quizów pasujących do podanych kryteriów
Rozkład punktacji
Procent ludzi z każdym wynikiem
Percentyl według liczby udzielonych odpowiedzi
Twoja historia wyników
Nie rozwiązałeś tego quizu